| 000 | 00737nam a2200253 a 4500 | ||
|---|---|---|---|
| 001 | BRCA_5439 | ||
| 005 | 20190320205058.0 | ||
| 008 | 141210r1909----gw-a######---#000-0#ger-# | ||
| 041 | _ager | ||
| 044 | _agw | ||
| 050 | 4 |
_aND653 _b.V65 1909 |
|
| 100 | 1 |
_aVoll, Karl _913889 |
|
| 245 | 1 | 0 |
_aMemling _bdes Meisters Gemälde _cherausgegeben von Karl Voll. |
| 260 |
_aStuttgart, Alemania _bAnstalt _c1909 |
||
| 300 |
_axlii, 188 p. _bil., 197 láminas _c26 cm. |
||
| 440 | 0 |
_aKlassiker Der Kunst _v14 _913890 |
|
| 500 | _aEdición con cantos dorados | ||
| 500 | _aIncluye índice de pinturas | ||
| 500 | _aE154 | ||
| 600 | 1 | 4 |
_aMemling, Hans _d1430-1494 _910415 |
| 650 | 1 | 4 |
_aPintores holandeses _913891 |
| 902 | _aGFM | ||
| 942 |
_2lcc _cB |
||
| 999 |
_c5133 _d5133 |
||